|
|
|
|
| LEADER |
00809nam a22002417a 4500 |
| 001 |
7196 |
| 003 |
BD-DhAAL |
| 005 |
20141206161117.0 |
| 008 |
141206s1991 caub|||| |||| 00| 0 eng d |
| 020 |
|
|
|a 080393632X
|
| 040 |
|
|
|a BD-DhAAL
|c BD-DhAAL
|
| 082 |
4 |
|
|2 22
|a 302.2244
|
| 245 |
|
|
|a Writing in the community,
|c edited by David Barton and Roz Ivanic
|n volume 6 /
|
| 260 |
|
|
|a Newbury Park ;
|b Sage Publications,
|c 1991
|
| 300 |
|
|
|a x, 226 p. :
|c 22 cm.
|
| 541 |
|
|
|e 7196
|
| 650 |
|
|
|a Written communication.
|9 6620
|
| 700 |
|
|
|a Barton, David
|9 6621
|
| 700 |
|
|
|a Ivanic, Roz
|9 6622
|
| 852 |
|
|
|a Ayesha Abed Library
|
| 942 |
|
|
|2 ddc
|c BK
|
| 999 |
|
|
|c 33240
|d 33240
|
| 952 |
|
|
|0 0
|1 0
|2 ddc
|4 0
|6 302_224400000000000_WRI
|7 0
|9 44369
|a BRACUL
|b BRACUL
|c GEN
|d 2014-12-06
|l 0
|o 302.2244 WRI
|p 3010007196
|r 2014-12-06
|t 1
|w 2014-12-06
|y BK
|